000 00384nam a2200133Ia 4500
005 20260328101524.0
008 260328s9999||||xx |||||||||||||| ||und||
100 _aDeckler, Thorsten
245 0 _aContemporary South African Architecture in a Landscape in transition /
_cThorsten Deckler
260 _bDouble Storey
300 _a211 p.
650 _aARQUITECTURA REGIONAL
942 _cBK
999 _c9705
_d9705